000 00813nam a2200241Ia 4500
001 18523
003 GE_BSU
008 181216s||||||||xx |||||||||||||| ||und||
020 _a9789941458743
040 _cGE_BSU
080 _a821.133.1-2
100 _aიონესკო, ეჟენ.
245 _aმარტორქა და სხვა პიესები
245 _cფრანგ. თარგმნა დავით კახაბერმა,რედ:ელზა მეტრეველი
260 _aთბილისი
260 _bინტელექტი
260 _c2015
300 _a290გვ;20სმ
541 _h16ლ.
653 _aმარტორქა და სხვა პიესები
653 _aპიესები
942 _cBK
999 _c51533
_d51533